<?xml version="1.0" encoding="UTF-8"?>
<marc:record xmlns:marc="http://www.loc.gov/MARC21/slim">
   <marc:leader>00000nam a2200000 a 4500</marc:leader>
   <marc:datafield ind1="1" ind2=" " tag="100">
      <marc:subfield code="a">Aveyard, Victoria</marc:subfield>
      <marc:subfield code="4">aut</marc:subfield>
      <marc:subfield code="e">Verfasser/-in</marc:subfield>
   </marc:datafield>
   <marc:datafield ind1="1" ind2=" " tag="100">
      <marc:subfield code="a">Schmitz, Birgit</marc:subfield>
   </marc:datafield>
   <marc:datafield ind1="0" ind2="0" tag="245">
      <marc:subfield code="a">Goldener Käfig</marc:subfield>
   </marc:datafield>
   <marc:datafield ind1="0" ind2="0" tag="245">
      <marc:subfield code="c">Victoria Aveyard. Aus dem Engl. von Birgit Schmitz</marc:subfield>
   </marc:datafield>
   <marc:datafield ind1=" " ind2="1" tag="264">
      <marc:subfield code="a">Hamburg</marc:subfield>
      <marc:subfield code="b">Carlsen</marc:subfield>
      <marc:subfield code="c">2017</marc:subfield>
   </marc:datafield>
   <marc:datafield ind1="1" ind2=" " tag="490">
      <marc:subfield code="a">¬Die¬ Farben des Blutes</marc:subfield>
      <marc:subfield code="v">3</marc:subfield>
   </marc:datafield>
   <marc:datafield ind1="1" ind2=" " tag="520">
      <marc:subfield code="a">Mare, die Rote mit den besonderen Silber-Fähigkeiten, ist zurück am königlichen Hof &#x96; doch dieses Mal nicht als falsche Prinzessin, sondern als Gefangene des Königs: Um ihre Gefährten vor dem Tod zu retten, hat sie sich ihrem schlimmsten Feind - und einstigen Freund - ergeben. Und erwartet nun ein schreckliches Schicksal an seiner Seite. Aber natürlich setzen Prinz Cal und die Rebellen der Scharlachroten Garde alles daran, um die Blitzwerferin zu befreien. Denn nur mit ihr gibt es im Kampf um die Freiheit eine Chance. (Verlagstext)</marc:subfield>
   </marc:datafield>
   <marc:datafield ind1=" " ind2=" " tag="020">
      <marc:subfield code="a">9783551583284</marc:subfield>
      <marc:subfield code="9">9783551583284</marc:subfield>
   </marc:datafield>
   <marc:datafield ind1=" " ind2=" " tag="020">
      <marc:subfield code="a">3551583285</marc:subfield>
      <marc:subfield code="9">3551583285</marc:subfield>
   </marc:datafield>
   <marc:datafield ind1=" " ind2=" " tag="300">
      <marc:subfield code="a">639 S.</marc:subfield>
   </marc:datafield>
</marc:record>
